000 00840nac a22002171u 4500
010 _a 2005014958
020 _a0130348260
082 0 0 _a338.5
_bHUB
090 _c8792
_d8792
100 _aHubbard, R. Glenn.
245 1 0 _aMicroeconomics /
_cR. Glenn Hubbard, Anthony Patrick O'Brien.
260 _aUpper Saddle River, N.J. :
_bPearson Prentice Hall,2006
_c2006.
300 _a1v. :
_bcol. ill.;
_c28 cm.
500 _adistributer: Baccah
504 _aIncludes bibliographical references and index.
511 _acatalogued by: wessam
650 0 _aMicroeconomics.
700 1 _aO'Brien, Anthony Patrick.
856 4 1 _3Table of contents
_uhttp://www.loc.gov/catdir/toc/ecip0513/2005014958.html
942 _cBB
_k338.5HUB
999 _c8792
_d8792